000
00242nam a2200085Ia 4500
008
170620s9999 xx 000 0 und d
100
_a
Kumar- Jamandlamudi Prashant
245
0
_a
Methods of Teaching Civics
260
_b
New Delhi- Discovery Publishing House
260
_c
2004
999
_c
24436
_d
24436